L'homme sans fièvre (notice n° 1566781)
[ vue normale ]
| 000 -LEADER | |
|---|---|
| fixed length control field | 01547cam a2200133 4500500 |
| 005 - DATE AND TIME OF LATEST TRANSACTION | |
| control field | 20251214002204.0 |
| 041 ## - LANGUAGE CODE | |
| Language code of text/sound track or separate title | fre |
| 042 ## - AUTHENTICATION CODE | |
| Authentication code | dc |
| 100 10 - MAIN ENTRY--PERSONAL NAME | |
| Personal name | Marin, Claire |
| Relator term | author |
| 245 00 - TITLE STATEMENT | |
| Title | L'homme sans fièvre |
| 260 ## - PUBLICATION, DISTRIBUTION, ETC. | |
| Name of publisher, distributor, etc. | Armand Colin,<br/> |
| Date of publication, distribution, etc. | 2013.<br/> |
| 520 ## - SUMMARY, ETC. | |
| Summary, etc. | Sommes-nous tous malades ? La médecine, ses approches de l’humain, son vocabulaire ont pénétré dans notre univers quotidien. Une telle médicalisation de notre existence n’est pas sans effet. Les problèmes du corps et de l’âme se voient systématiquement redéfinis en pathologies et les différentes phases de la vie accompagnées de l’aide technique médicale. Celle-ci esquisse la figure d’un homme amélioré par les biotechnologies, débarrassé des aléas des passions, maîtrisant ses colères et ses pulsions : un homme sans fièvre. Ainsi paradoxalement, à mesure que la médecine identifie toujours plus de maladies, les hommes rêvent de parfaite guérison et en font à la fois une exigence personnelle et un idéal social. Guérir la société de ses blessures, nous défaire de notre vulnérabilité ; telle est la manière dont est interprétée trop rapidement l’idée d’une société du soin proposée par de nouvelles philosophies. Pourtant, soigner n’est pas un geste anodin, guérir ne se fait pas sans souffrance et généraliser le modèle médical, c’est aussi prendre le risque de banaliser sa violence spécifique. |
| 856 41 - ELECTRONIC LOCATION AND ACCESS | |
| Uniform Resource Identifier | <a href="https://stm.cairn.info/l-homme-sans-fievre--9782200257682?lang=fr&redirect-ssocas=7080">https://stm.cairn.info/l-homme-sans-fievre--9782200257682?lang=fr&redirect-ssocas=7080</a> |
Pas d'exemplaire disponible.




Réseaux sociaux